Statystyki dla Najsilniejsze armie podczas drugiej wojny światowej

Kliknij tutaj aby rozwiązać quiz!

Ogólne statystyki

  • Ten quiz został rozwiązany 134 razy
  • Średni wynik to 8 z 10

Statystyki odpowiedzi

MiejsceOdpowiedź% Poprawnych
13 Rzesza
98%
3Francja Vichy
98%
8Stany Zjednoczone
98%
2Związek Radziecki
98%
7Wielka Brytania
96%
6Cesarstwo Wielkiej Japonii
94%
5Królestwo Włoch
88%
4Chiny
84%
9Rumunia
39%
10Szwajcaria
17%

Rozkład punktacji

Percentyl według liczby udzielonych odpowiedzi

Procent ludzi z każdym wynikiem

Twoja historia wyników

Nie rozwiązałeś tego quizu